000 00337cam a22001217a 4500
008 180718b1984 xxu||||| |||| 00| 0 eng d
082 _aO00x54 G552
100 _aGoel, S.L.
245 _aPublic health adminsitrtion
_cby S.L. Goel
260 _aDelhi
_bSterling
_c1984
300 _a472p.
650 _aPublic Health - Administration - India
999 _c345611
_d345611